[Event "TCh-CZE Div1 Vychod 2012-13"]
[Site "Czech Republic CZE"]
[Date "2012.10.21"]
[Round "1.7"]
[White "Svanda,P"]
[Black "Stachon,Martin"]
[Result "1-0"]
[WhiteElo "2180"]
[BlackElo "2127"]

1.e4 c5 2.Nf3 e6 3.d4 cxd4 4.Nxd4 a6 5.Nc3 Qc7 6.g3 Nf6 7.Bg2 Be7 8.O-O d6
9.Qd2 Nc6 10.b3 Bd7 11.Bb2 O-O 12.Rac1 Rac8 13.Nce2 b5 14.c4 Nxd4 15.Nxd4 Qb8
16.Ba3 bxc4 17.bxc4 Rfe8 18.Rfd1 Ba4 19.Re1 Qc7 20.Qb4 Bd7 21.Qb3 Rb8 22.Qc2 Qa5
23.Qc3 Qxc3 24.Rxc3 Bf8 25.Nb3 Bc6 26.c5 dxc5 27.Bxc5 Rec8 28.Bxf8 Kxf8 29.Rec1 Bd7
30.Nc5 Ke7 31.Nxd7 Rxc3 32.Rxc3 Nxd7 33.Bf1 a5 34.Rc7 Rb4 35.Ra7 Rxe4 36.Rxa5 Nb6
37.Ra7+ Kf6 38.Bb5 Nd5 39.Be8 Ne7 40.a4 Rd4 41.a5 Rd8 42.Bd7 Ke5 43.a6 Nd5
44.Bc6 Rd6 45.Bb5 Rb6 46.Rb7 Kf6 47.Rxb6 Nxb6 48.a7 Kg5 49.Bc6 f5 50.Kf1 e5
51.Ke2 Kf6 52.Bb7 Ke7 53.Kd3 Kd6 54.f4 exf4 55.gxf4 Kc7 56.Bg2 Kd6 57.Kd4 h6
58.h4 g6 59.Bf3 Kc7 60.a8=Q Nxa8 61.Bxa8 Kd6 62.Bd5 g5 63.fxg5 hxg5 64.hxg5 f4
65.g6 f3 66.Bxf3  1-0

[Event "NIT Nagpur GM Open 2012"]
[Site "Nagpur IND"]
[Date "2012.10.21"]
[Round "9.8"]
[White "Neelotpal,D"]
[Black "Nitin,S"]
[Result "1/2-1/2"]
[WhiteElo "2485"]
[BlackElo "2386"]

1.e4 c5 2.Nf3 e6 3.d4 cxd4 4.Nxd4 a6 5.Nc3 b5 6.Bd3 Qb6 7.Nf3 d6 8.a4 b4
9.a5 Qc7 10.Na4 Nd7 11.Be3 Ngf6 12.Nb6 Nxb6 13.Bxb6 Qb7 14.O-O Be7 15.Qe2 d5
16.exd5 Qxd5 17.Rfd1  1/2-1/2

[Event "TCh-SUI National A 2012"]
[Site "Switzerland SUI"]
[Date "2012.10.21"]
[Round "9.8"]
[White "Mauron,P"]
[Black "Lutz,B"]
[Result "0-1"]
[WhiteElo "2112"]
[BlackElo "2325"]

1.e4 c5 2.Nf3 e6 3.d4 cxd4 4.Nxd4 a6 5.Nc3 Qc7 6.Be2 Nf6 7.O-O d6 8.f4 Be7
9.Kh1 Nc6 10.Be3 Bd7 11.a4 O-O 12.Nb3 Rac8 13.a5 Nb4 14.Bb6 Qb8 15.Bf3 Bc6
16.Nd4 Bd8 17.Nxc6 Nxc6 18.Bd4 Nd7 19.e5 dxe5 20.fxe5 Nxd4 21.Qxd4 Nxe5 22.Be2 Be7
23.Bd3 Nxd3 24.Qxd3 Qc7 25.Ra4 Qc6 26.Raf4 f5 27.Qe2 Bf6 28.R4f3 Qc4 29.Qe1 Rfe8
30.Re3 Bd4 31.Rd3 Bxc3 32.Rxc3 Qd5 33.Rd3 Qb5 34.Rb3 Qd5 35.Rd3 Qc6 36.Rc3 Qd7
37.Rd3 Qf7 38.Qf2 e5 39.Rfd1 Rc7 40.Rd8 Re7 41.Qc5 h6 42.c4 e4 43.R8d5 Rc7
44.Qd4 f4 45.b3 e3 46.Re5 Rxe5 47.Qxe5 Re7 48.Qd5 Qxd5 49.cxd5 Rd7 50.Kg1 e2
51.Re1 Rxd5 52.Rxe2 Rxa5 53.Kf2 Rb5  0-1

[Event "13th Liberec Open 2012"]
[Site "Liberec CZE"]
[Date "2012.10.22"]
[Round "3"]
[White "Nguyen,Thai Dai Van"]
[Black "Vorobyov,Y"]
[Result "1-0"]
[WhiteElo "2069"]
[BlackElo "2252"]

1.e4 c5 2.Nf3 a6 3.Nc3 e6 4.d4 cxd4 5.Nxd4 b5 6.Bd3 Qb6 7.Nb3 Bb7 8.a4 b4
9.a5 Qc7 10.Na4 Nc6 11.Be3 Nf6 12.O-O Ne5 13.f4 Nc4 14.Bd4 d5 15.e5 Ne4 16.Qe2 Be7
17.Bxe4 dxe4 18.Nac5 Bd5 19.Nxe4 Qc6 20.Rfe1 O-O 21.Nbc5 f5 22.exf6 gxf6
23.b3 Nd6 24.Nxd6 Qxd6 25.Nxe6 Rf7 26.Rad1 Bxe6 27.Qxe6 Qxf4 28.Re4 Qc7 29.Rg4+ Kf8
30.Qe3 Qxc2 31.Re1 Qc6 32.Re4 Bd6 33.Qh6+ Rg7 34.Qxf6+  1-0

[Event "NIT Nagpur GM Open 2012"]
[Site "Nagpur IND"]
[Date "2012.10.23"]
[Round "11.19"]
[White "Narayanan,Sri"]
[Black "Swathi,G"]
[Result "1-0"]
[WhiteElo "2448"]
[BlackElo "2263"]

1.e4 c5 2.Nf3 e6 3.d4 cxd4 4.Nxd4 a6 5.Nc3 Qc7 6.Be2 b5 7.O-O Bb7 8.Re1 d6
9.a4 bxa4 10.Rxa4 Nf6 11.Rc4 Qd8 12.Rb4 Qc7 13.Bf3 e5 14.Nd5 Nxd5 15.exd5 Be7
16.Nf5 g6 17.Nxe7 Kxe7 18.Rxe5+  1-0

[Event "4th Marcel Duchamp Open"]
[Site "Buenos Aires ARG"]
[Date "2012.10.24"]
[Round "3.21"]
[White "Juarez,A"]
[Black "Duarte,Gonzalo"]
[Result "1-0"]
[WhiteElo "2164"]
[BlackElo "1866"]

1.e4 c5 2.Nf3 e6 3.d4 cxd4 4.Nxd4 a6 5.Nc3 Qc7 6.f4 b5 7.Bd3 Bb7 8.Be3 Nf6
9.Qf3 Bb4 10.O-O O-O 11.Nce2 d5 12.e5 Ne4 13.c3 Be7 14.Rac1 Nd7 15.Bb1 Rac8
16.Qh3 Nb6 17.Ng3 Nc4 18.Nxe4 dxe4 19.Rf2 Bc5 20.Re2 Rfd8 21.Bf2 Rd7 22.Rce1 Rcd8
23.b4 Bb6 24.Bxe4 Bxe4 25.Rxe4 Na3 26.R4e2 a5 27.f5 Bxd4 28.Bxd4 Qc6 29.f6 Nc2
30.Qg3 g6 31.Qf4 Nxd4 32.cxd4 Kh8 33.Qh6 Rg8 34.Re3 Qc2 35.Qxh7+  1-0

[Event "4th Marcel Duchamp Open"]
[Site "Buenos Aires ARG"]
[Date "2012.10.24"]
[Round "3.14"]
[White "Porta Campos,Nicolas"]
[Black "Garcia,Rai"]
[Result "0-1"]
[WhiteElo "1819"]
[BlackElo "2325"]

1.e4 c5 2.Nf3 e6 3.d4 cxd4 4.Nxd4 a6 5.Nc3 b5 6.Bd3 Qb6 7.Be3 Bc5 8.Be2 Nc6
9.Nxc6 dxc6 10.Bxc5 Qxc5 11.Qd3 Nf6 12.O-O e5 13.Qg3 O-O 14.Bd3 Be6 15.Ne2 Bc4
16.Rfe1 Nxe4 17.Qf3 Nf6 18.Ng3 Bd5 19.Qf5 Be6 20.Qg5 h6 21.Qh4 Rad8 22.Nh5 Nxh5
23.Qxh5 Rd5 24.Qf3 f5 25.Qe3 Qxe3 26.fxe3 e4 27.Be2 Rfd8 28.b3 Rd2 29.Kf2  0-1

[Event "4th Marcel Duchamp Open"]
[Site "Buenos Aires ARG"]
[Date "2012.10.27"]
[Round "5.11"]
[White "Bronstein,L"]
[Black "Sanduay,N"]
[Result "1-0"]
[WhiteElo "2369"]
[BlackElo "2039"]

1.e4 c5 2.Nf3 e6 3.Nc3 a6 4.d4 cxd4 5.Nxd4 Qc7 6.g3 Nf6 7.Bg2 Nc6 8.O-O d6
9.Re1 Nd7 10.Nxc6 bxc6 11.Na4 Be7 12.c4 Bb7 13.c5 dxc5 14.Bf4 Qa5 15.Rc1 Rd8
16.Qc2 O-O 17.b3 Ba8 18.h4 Rfe8 19.Nb2 Nf8 20.Nc4 Qb4 21.Bc7 Rd4 22.e5 Nd7
23.Re2 f6 24.exf6 Bxf6 25.Nd6 Rf8 26.Nc4 Re8 27.a3 Qb7 28.Nd6 Rxd6 29.Bxd6 Bd4
30.Qc4 Nf8 31.b4  1-0

[Event "4th Marcel Duchamp GM"]
[Site "Buenos Aires ARG"]
[Date "2012.10.27"]
[Round "5"]
[White "Felgaer,R"]
[Black "Flores,Di"]
[Result "0-1"]
[WhiteElo "2579"]
[BlackElo "2598"]

1.e4 c5 2.Nf3 e6 3.d4 cxd4 4.Nxd4 a6 5.Nc3 b5 6.Bd3 Qb6 7.Nf3 Qc7 8.O-O Bb7
9.Re1 Be7 10.e5 f5 11.Nd4 g6 12.Be3 Nc6 13.Bf1 Rc8 14.a3 Nxd4 15.Qxd4 g5
16.f3 Nh6 17.Bf2 Nf7 18.a4 b4 19.Na2 a5 20.c3 bxc3 21.Nxc3 Bc5 22.Nb5 Qb6
23.Qd2 Bxf2+ 24.Qxf2 Qxf2+ 25.Kxf2 Ke7 26.Nd4 Rc5 27.Nb3 Rc2+ 28.Re2 Rxe2+
29.Bxe2 Rd8 30.h4 h6 31.hxg5 hxg5 32.Nc5 Rb8 33.Re1 Bc6 34.Bb5 Bxb5 35.axb5 Rxb5
36.Nd3 Rd5  0-1

[Event "7th Deizisau Autumn"]
[Site "Deizisau GER"]
[Date "2012.10.27"]
[Round "1.3"]
[White "Hirneise,T"]
[Black "Bilchinski,Anton"]
[Result "1-0"]
[WhiteElo "2448"]
[BlackElo "1891"]

1.e4 c5 2.Nf3 e6 3.d4 cxd4 4.Nxd4 a6 5.Nc3 Qc7 6.Bd3 b5 7.Qe2 Bb7 8.O-O Nf6
9.e5 b4 10.Ncb5 axb5 11.exf6 gxf6 12.Nxb5 Qc6 13.f3 Na6 14.Bf4 Be7 15.Kh1 h5
16.Rfe1 Rg8 17.Rad1 h4 18.Be4 Qc8 19.Nd6+ Bxd6 20.Bxd6 h3 21.gxh3 Bc6 22.Rg1 Rh8
23.Qg2  1-0

[Event "16th Unive Open"]
[Site "Hoogeveen NED"]
[Date "2012.10.27"]
[Round "9"]
[White "De Jong,M"]
[Black "Grandelius,N"]
[Result "0-1"]
[WhiteElo "2369"]
[BlackElo "2593"]

1.e4 c5 2.Nf3 e6 3.d4 cxd4 4.Nxd4 a6 5.Nc3 b5 6.Bd3 Qb6 7.Nf3 Qc7 8.O-O Bb7
9.Re1 Be7 10.e5 f5 11.a4 b4 12.Nb1 Nc6 13.Nbd2 Nh6 14.Nc4 Nf7 15.a5 O-O 16.b3 g5
17.Bb2 g4 18.Nfd2 Bc5 19.Ne4 fxe4 20.Qxg4+ Kh8 21.Rxe4 Nh6 22.Qh5 Nf5 23.Nd6 Nce7
24.Rh4 Bxf2+ 25.Kxf2 Nxh4+ 26.Nf7+ Rxf7+ 27.Qxf7 Neg6 28.Qf6+ Kg8 29.Ke2 Rf8
30.Qg5 Qc5  0-1

[Event "39th ch-IND Premier w 2012"]
[Site "Jalgaon IND"]
[Date "2012.10.27"]
[Round "4.9"]
[White "Divyasri,C"]
[Black "Mokal,Amruta Sunil"]
[Result "0-1"]
[WhiteElo "2160"]
[BlackElo "2072"]

1.e4 c5 2.Nf3 e6 3.d4 cxd4 4.Nxd4 a6 5.Nc3 Qc7 6.Bd3 Nf6 7.O-O Bc5 8.Nb3 Ba7
9.Qf3 Nc6 10.Bf4 d6 11.Be2 O-O 12.Qg3 Ne5 13.Rad1 Ne8 14.a4 Bd7 15.Kh1 Nc4
16.Bc1 Nb6 17.a5 Na4 18.Rd3 Nxc3 19.Rxc3 Qd8 20.Bg5 f6 21.Bf4 Bc6 22.Qg4 f5
23.exf5 Nf6 24.Qh3 Nd5 25.Rf3 Rxf5 26.Bd2 Rxf3 27.Bxf3 Qf6 28.Be4 h6 29.c4 Ne7
30.Bc3 e5 31.Bxc6 bxc6 32.Qd7 Bd4 33.Qb7 Rf8 34.Qxa6 Bxf2 35.c5 Qh4 36.Qe2 Nf5
37.Qxf2 Ng3+ 38.Kg1 Rxf2 39.Rxf2 Ne4 40.g3 Qg4 41.Rf1 Nxc3 42.bxc3 Qa4 43.cxd6 Qxb3
44.d7 Qd5 45.a6 Qxd7 46.Ra1 Qa7+ 47.Kf1 Kf7 48.Ke2 Ke6 49.Kd3 Kd5 50.Ra5+ c5
51.c4+ Ke6 52.Ra3 Kf5 53.Ke3 e4 54.Ke2 Qb6 55.g4+ Kf4 56.Rg3 Qxa6 57.Rc3 Qa2+
58.Kd1 Qb1+ 59.Kd2 e3+ 60.Ke2 Qb2+ 61.Kd3 Qd2+  0-1

[Event "13th Liberec Open 2012"]
[Site "Liberec CZE"]
[Date "2012.10.27"]
[Round "9"]
[White "Nguyen,Thai Dai Van"]
[Black "Dambrauskas,V"]
[Result "0-1"]
[WhiteElo "2069"]
[BlackElo "2328"]

1.e4 c5 2.Nf3 e6 3.d4 cxd4 4.Nxd4 a6 5.Nc3 Qc7 6.Bd3 Nf6 7.O-O b5 8.Re1 d6
9.a4 bxa4 10.Rxa4 Nbd7 11.Be3 Bb7 12.f3 Be7 13.Qe2 Nc5 14.Ra2 Nxd3 15.Qxd3 O-O
16.b3 Nd7 17.Na4 d5 18.exd5 Bxd5 19.c4 Bb7 20.Rd1 Rad8 21.Qe2 Bd6 22.h3 Nc5
23.Nxc5 Bxc5 24.Rad2 Be7 25.Nc2 Rxd2 26.Rxd2 Rd8 27.Rxd8+ Qxd8 28.Qd2 Qxd2
29.Bxd2 f6 30.Kf2 Kf7 31.Ke3 g5 32.Bb4 Bd8 33.Bd6 e5 34.Bc5 f5 35.Nb4 Ke6
36.Nd3 e4 37.fxe4 Bxe4 38.g4 Bg2 39.gxf5+ Kxf5 40.Nf2 Bc7 41.Bd4 Bf1 42.Kf3 h5
43.Be3 Kg6 44.Bd4 h4 45.Be3 Kh5 46.Bd2 Bb6 47.Be3 Ba5 48.Bc1 Be1 49.Ne4 Bxh3
50.Nxg5 Bg4+ 51.Kg2 Bd1 52.c5 Bxb3 53.Nf3 Bd5 54.Kf1 Ba5 55.Nxh4 Kxh4 56.Be3 Kg3
57.Ke2 Bc4+ 58.Kd1 Kf3 59.Bg1 Bc3 60.c6 Be6 61.Bb6 Ke4 62.Kc2 Be5 63.c7 Kd5
64.c8=Q Bxc8 65.Kb3 Bg4 66.Ba5 Bd1+ 67.Ka3 Kc4 68.Bb4 Bf4 69.Ba5 Bc1+ 70.Ka2 Bc2
71.Bd8 Bb3+ 72.Kb1 Bd2 73.Bf6 a5 74.Be5 Bd1 75.Bf6 Kb3 76.Be5 Bc2+ 77.Ka1 Bc1
78.Bf6 a4 79.Bg7 a3 80.Bf6 Bb2+  0-1

[Event "Chigorin Memorial"]
[Site "St Petersburg RUS"]
[Date "2012.10.27"]
[Round "1.89"]
[White "Malakhov,I"]
[Black "Panov,Ivan"]
[Result "1-0"]
[WhiteElo "2429"]
[BlackElo "2021"]

1.e4 c5 2.Nf3 e6 3.d4 cxd4 4.Nxd4 a6 5.Nc3 Qc7 6.Bd3 Nf6 7.O-O Be7 8.Qe2 d6
9.f4 O-O 10.Kh1 Nbd7 11.Bd2 b5 12.Rae1 Bb7 13.e5 Nd5 14.Qh5 g6 15.Qh6 Nc5
16.f5 exf5 17.Nxf5 Ne6 18.Nxd5 Bxd5 19.Bb4 Bg5 20.exd6 Qb7 21.Ne7+ Bxe7 22.dxe7 Bxg2+
23.Kg1 Rfc8 24.Rxf7  1-0

[Event "Chigorin Memorial"]
[Site "St Petersburg RUS"]
[Date "2012.10.27"]
[Round "1.71"]
[White "Yagupov,I"]
[Black "Nasybullina,Alfia"]
[Result "1-0"]
[WhiteElo "2465"]
[BlackElo "2076"]

1.e4 c5 2.Nf3 e6 3.d4 cxd4 4.Nxd4 a6 5.Nc3 b5 6.g3 Bb7 7.Bg2 Nf6 8.Qe2 Nc6
9.Nxc6 Bxc6 10.a4 Bb4 11.O-O O-O 12.Na2 Be7 13.axb5 axb5 14.Bd2 Qb6 15.Nb4 Rxa1
16.Rxa1 Ra8 17.Rd1 Bb7 18.e5 Ne8 19.Be3 Qc7 20.Qxb5 Bxg2 21.Kxg2 Rb8 22.Na6 Rxb5
23.Nxc7 Nxc7 24.Rxd7 Nd5 25.Bd4 Kf8 26.c4 Rb4 27.cxd5 Rxd4 28.d6 Bg5 29.f4 Ke8
30.Rb7 Bd8 31.h4 Ra4 32.h5 Ra6 33.g4 Rb6 34.Ra7 Rxb2+ 35.Kf3 Rb3+ 36.Kg2 Rb2+
37.Kf3 Rh2 38.Kg3 Rh1 39.Kg2 Rb1 40.Kf3 Rg1 41.g5 Rh1 42.Kg4 h6 43.g6 fxg6
44.hxg6 h5+ 45.Kf3 Rg1 46.Rxg7 h4 47.Rg8+ Kd7 48.Rg7+ Kc6 49.Rg8 Bb6 50.Rc8+ Kd7
51.Rh8 Rg3+ 52.Ke2 Bd8 53.Rh7+ Kc8 54.g7 h3 55.f5 exf5 56.e6 h2 57.Rxh2 Rxg7
58.Rh8  1-0

[Event "Vizag GM Open 2012"]
[Site "Visakhapatnam IND"]
[Date "2012.10.27"]
[Round "2.11"]
[White "Padhya,S"]
[Black "Hossain,Enam"]
[Result "0-1"]
[WhiteElo "2236"]
[BlackElo "2481"]

1.e4 c5 2.Nf3 e6 3.d4 cxd4 4.Nxd4 a6 5.Nc3 Qc7 6.Bd3 Nf6 7.f4 d6 8.Qf3 Nbd7
9.g4 Nc5 10.g5 Nfd7 11.Bd2 b5 12.b4 Nxd3+ 13.cxd3 Bb7 14.Rc1 Qd8 15.O-O Be7
16.f5 exf5 17.Nxf5 O-O 18.Qg3 Ne5 19.Bf4 g6 20.Nxe7+ Qxe7 21.Rfe1 Rfe8 22.d4 Nc4
23.d5 Ne5 24.Nd1 f6 25.gxf6 Qxf6 26.Nf2 Bc8 27.Rf1 Nc4 28.Bg5 Qg7 29.Qc3 Qxc3
30.Rxc3 Ra7 31.a4 Rf7 32.Kg2 Kg7 33.Bc1 Ref8 34.a5 h6 35.h3 g5 36.Rg3 Kh7
37.Rc3 Bd7 38.Rg3 Rf6 39.Rc3 Be8 40.Rc2 Bh5 41.Re1 Rf3 42.e5 dxe5 43.Ne4 Bg6
44.Rce2 Bxe4 45.Rxe4 Rd3 46.h4 Kg6 47.hxg5 hxg5 48.Rxe5 Nxe5 49.Rxe5 Rc8
50.Re6+ Kf5 51.Be3 Rc2+ 52.Kg3 Rxd5 53.Rxa6 Rd3  0-1

[Event "TCh-SVK Extraliga 2012-13"]
[Site "Slovakia SVK"]
[Date "2012.10.28"]
[Round "2.5"]
[White "Csolto,T jr"]
[Black "Schwarz,Du"]
[Result "1/2-1/2"]
[WhiteElo "2205"]
[BlackElo "2305"]

1.e4 c5 2.Nf3 e6 3.d4 cxd4 4.Nxd4 a6 5.Nc3 b5 6.Be3 Bb7 7.f3 Qc7 8.Qd2 Nf6
9.g4 h6 10.O-O-O b4 11.Nce2 e5 12.Nf5 d5 13.Neg3 d4 14.Bf2 Nbd7 15.Kb1 g6
16.Nxh6 Bxh6 17.g5 Bf8 18.gxf6 Rc8 19.Bd3 a5 20.h4 Nxf6 21.h5 Bh6 22.Qe2 Ke7
23.Rdg1 Nxh5 24.Nxh5 gxh5 25.Rxh5 Bf4 26.Bh4+ Kd6 27.Rxh8 Rxh8 28.Qe1 Bc8
29.Bg5 Bxg5 30.Rxg5 Qe7 31.f4 f6 32.fxe5+ fxe5 33.Rg6+ Kc7 34.a3 Be6 35.b3 Rh7
36.Qg3 Bf7 37.Rg7 Rxg7 38.Qxg7 Kd6 39.axb4 axb4 40.Qh6+ Kc7 41.Qa6 Qc5 42.Qf6 Be8
43.Bc4 Bc6 44.Bd5 Qd6 45.Qxd6+ Kxd6 46.Bxc6 Kxc6 47.Kc1 Kc5 48.Kd1 Kd6 49.Ke2 Kc5
50.Kd3 Kb5 51.Kd2 Kc6  1/2-1/2

[Event "Chigorin Memorial"]
[Site "St Petersburg RUS"]
[Date "2012.10.28"]
[Round "2.19"]
[White "Shchukin,D"]
[Black "Demchenko,A"]
[Result "0-1"]
[WhiteElo "2348"]
[BlackElo "2610"]

1.e4 c5 2.Nf3 e6 3.d4 cxd4 4.Nxd4 a6 5.Nc3 b5 6.g3 Bb7 7.Bg2 Ne7 8.O-O Nbc6
9.Re1 Nxd4 10.Qxd4 Nc6 11.Qd1 Bb4 12.a4 bxa4 13.Rxa4 O-O 14.Bf4 a5 15.Bd6 Bxd6
16.Qxd6 Nb4 17.Qd2 Qc7 18.Ra3 Rfd8 19.Rc1 Bc6 20.Na2 Nxa2 21.Rxa2 a4 22.b3 axb3
23.Rxa8 Rxa8 24.cxb3 Qb7 25.Qe3 Ra3 26.Qc5 Ra8 27.b4 h6 28.b5 Qxb5 29.Qxb5 Bxb5
30.e5 Bc6 31.Bxc6 Rc8 32.f4 dxc6 33.Kf2 Kf8 34.Ke3 Ke7 35.Kd4 Rd8+ 36.Kc5 Rd2
37.Kxc6 Rxh2 38.Kc5 Rd2 39.Ra1 g6 40.Rh1 h5 41.g4 hxg4 42.Rg1 f5 43.exf6+ Kxf6
44.Rxg4 Kf5 45.Rg5+ Kxf4 46.Rxg6 e5 47.Kc4 e4 48.Kc3 Rd8 49.Kc2 Kf3 50.Rh6 e3
51.Rh3+ Kf2 52.Rh2+ Kg3 53.Rh7 e2 54.Rg7+ Kf2 55.Rf7+ Ke1 56.Rf6 Rc8+ 57.Kb2 Rc5  0-1

[Event "Chigorin Memorial"]
[Site "St Petersburg RUS"]
[Date "2012.10.28"]
[Round "2.76"]
[White "Sipila,V"]
[Black "Schekachikhin,Maksim"]
[Result "1-0"]
[WhiteElo "2430"]
[BlackElo "1921"]

1.e4 c5 2.Nf3 e6 3.d4 cxd4 4.Nxd4 a6 5.Nc3 d6 6.Be3 b5 7.Bd3 Bb7 8.O-O Nf6
9.a3 Nbd7 10.f4 Be7 11.Qf3 O-O 12.Qh3 Kh8 13.Rae1 Rc8 14.Bf2 e5 15.Nf5 Nc5
16.Nxe7 Qxe7 17.Bh4 Nxd3 18.cxd3 Qe6 19.f5 Qd7 20.Bxf6 gxf6 21.Qh6 Qe7 22.Nd1 d5
23.exd5 Bxd5 24.d4 Rg8 25.Rf2 Ba8 26.dxe5 fxe5 27.Qxa6 Bc6 28.Qb6 f6 29.Nc3 Qg7
30.g3 Qh6 31.Re3 Rb8 32.Qxc6 Qxe3 33.Qxf6+ Rg7 34.Kg2 Rb6 35.Qd8+ Rg8 36.Qc7 Rh6
37.Kf1 Qc1+ 38.Ke2 Qc2+ 39.Ke3 Qc1+ 40.Kf3 e4+ 41.Kg2 Qe3 42.Qe5+ Rg7 43.Nxe4 Rh4
44.f6 Qxe4+ 45.Qxe4 Rxe4 46.fxg7+ Kxg7 47.Kh3  1-0

[Event "Chigorin Memorial"]
[Site "St Petersburg RUS"]
[Date "2012.10.28"]
[Round "2.68"]
[White "Atabayev,M"]
[Black "Skvortsov,Alexander"]
[Result "1-0"]
[WhiteElo "2446"]
[BlackElo "2110"]

1.e4 c5 2.Nf3 e6 3.d4 cxd4 4.Nxd4 a6 5.Nc3 Ne7 6.Be2 Nbc6 7.O-O Nxd4 8.Qxd4 Nc6
9.Qe3 Bd6 10.Kh1 O-O 11.f4 Bc7 12.e5 d5 13.exd6 Qxd6 14.Ne4 Qe7 15.Bd2 Nb4
16.Qb3 Nc6 17.Be3 Rd8 18.Bc5 Qe8 19.Qg3 Kh8 20.Qh4 f5 21.Ng5 h6 22.Rae1 Kg8
23.Nf3 b6 24.Bg1 Qe7 25.Qxe7 Nxe7 26.Nd4 Kf7 27.Bc4 Nd5 28.Nc6 Re8 29.Bxd5 exd5
30.Rxe8 Kxe8 31.Re1+ Kd7 32.Ne7 Kd6 33.Bd4 Be6 34.Ng6 Bf7 35.Nh4 Kd7 36.Nxf5 Re8
37.Rxe8 Bxe8 38.Nxg7 Bxf4 39.Nxe8 Kxe8 40.Bxb6 Kd7 41.g3 Bc1 42.Bd4 Kc6 43.a4 Kd6
44.Kg2 Ke6 45.Kf3 h5 46.b3 Kf5 47.h3 Bd2 48.g4+ Kg6 49.c3 Be1 50.b4 Bh4 51.b5 axb5
52.a5 Bf6 53.a6 Bxd4 54.cxd4 b4 55.a7  1-0

[Event "Chigorin Memorial"]
[Site "St Petersburg RUS"]
[Date "2012.10.28"]
[Round "2.15"]
[White "Tseitlin,Ma"]
[Black "Socko,B"]
[Result "1/2-1/2"]
[WhiteElo "2390"]
[BlackElo "2619"]

1.e4 c5 2.Nf3 e6 3.Nc3 a6 4.d4 cxd4 5.Nxd4 Qc7 6.Be3 Nf6 7.Bd3 Nc6 8.Nxc6 dxc6
9.f4 e5 10.f5 b5 11.a4 Bb7 12.O-O Be7 13.Qe2 h5 14.h3 h4 15.Qf2 b4 16.Nb1 c5
17.Nd2 c4 18.Bb6 Qc6 19.Nxc4 Nxe4 20.Bxe4 Qxe4 21.Nxe5 Qxe5 22.Rae1 Be4 23.Qe3 Qd6
24.Bd4 O-O 25.Qxe4 Bf6 26.Bxf6 Qxf6 27.Qe5 Qxe5 28.Rxe5 Rfc8 29.Rf2 Rc4 30.b3 Rd4
31.f6 g6 32.Rfe2 Rf4 33.R2e4 Rxf6 34.Rxb4 Rc8 35.Re2 Rfc6 36.c4 Rd8 37.c5 Rxc5
38.Rxh4 Rd1+ 39.Kh2 Rcc1 40.Rf4 Rd7 41.Rb4 Rc5 42.Rb6 a5 43.Ra2 Rd4 44.Rb7 Rf5
45.Rb5 Rxb5 46.axb5 Rb4 47.Rxa5 Kg7 48.Kg3 Kf6 49.Ra6+ Kg5 50.Rb6 Rxb3+ 51.Kf2 Kf4
52.g3+ Ke4 53.Rf6 Rb2+ 54.Kg1 Rxb5 55.Rxf7 g5 56.Kg2 Rb2+ 57.Rf2 Rb5 58.h4 gxh4
59.gxh4 Rf5 60.Re2+ Kf4 61.Kh3 Rf6 62.Rf2+ Ke5 63.Rg2 Rf1 64.Rg6 Kf5  1/2-1/2

[Event "Vizag GM Open 2012"]
[Site "Visakhapatnam IND"]
[Date "2012.10.28"]
[Round "4.5"]
[White "Kravtsiv,M"]
[Black "Nitin,S"]
[Result "1-0"]
[WhiteElo "2592"]
[BlackElo "2386"]

1.e4 c5 2.Nf3 e6 3.d4 cxd4 4.Nxd4 a6 5.Nc3 Qc7 6.Be2 b5 7.O-O Bb7 8.Re1 d6
9.Bh5 g6 10.Bg4 Nd7 11.Bxe6 fxe6 12.Nxe6 Qc4 13.Nd5 Rc8 14.b3 Qxc2 15.Qd4 Ne5
16.Bf4 Nd3 17.Nxf8 Kxf8 18.Bxd6+ Kf7 19.Rf1  1-0

[Event "5th Douglas Martinez"]
[Site "Guarenas VEN"]
[Date "2012.10.29"]
[Round "8.9"]
[White "Prasca Sosa,R"]
[Black "Alvarez Pedraza,A"]
[Result "1/2-1/2"]
[WhiteElo "2422"]
[BlackElo "2526"]

1.e4 c5 2.Nf3 e6 3.Nc3 a6 4.d4 cxd4 5.Nxd4 Qc7 6.g3 Bb4 7.Bd2 Nf6 8.Bg2 Nc6
9.Nb3 Be7 10.O-O d6 11.f4 O-O 12.a4 b6 13.g4 Nd7 14.g5 Nc5 15.f5 Rd8 16.f6 Bf8
17.fxg7 Bxg7 18.Rf4 Ne5 19.Qe2 Ng6 20.Rf3 Nd7 21.Rh3 Bb7 22.Rf1 Ndf8 23.Be3 Rab8
24.Kh1 Rd7 25.Bg1 Be5 26.Bd4 Qd8 27.Qe3 Ba8 28.Rh6 b5 29.axb5 axb5 30.h4 b4
31.Nd1 Bxd4 32.Nxd4 Ne5 33.Qf4 Qb6 34.c3 bxc3 35.bxc3 Qc7 36.h5 Nd3 37.Qg3 Ne5
38.Qf4 Nd3 39.Qg3 Ne5 40.g6 hxg6 41.hxg6 Nfxg6 42.Qh3  1/2-1/2

[Event "39th ch-IND Premier w 2012"]
[Site "Jalgaon IND"]
[Date "2012.10.29"]
[Round "6.3"]
[White "Lasya,G"]
[Black "Swathi,G"]
[Result "0-1"]
[WhiteElo "1982"]
[BlackElo "2263"]

1.e4 c5 2.Nf3 e6 3.d4 cxd4 4.Nxd4 a6 5.Nc3 b5 6.Bd3 Qb6 7.Nb3 d6 8.a4 b4
9.a5 Qc7 10.Na4 Nd7 11.Be3 Ngf6 12.Nb6 Rb8 13.Qe2 Bb7 14.f3 d5 15.exd5 Nxd5
16.Nxd5 Bxd5 17.Bxa6 Bd6 18.Rd1 O-O 19.Nd4 Qxa5 20.Bc4 Bxc4 21.Qxc4 Rfc8
22.Qe2 Nf6 23.Nxe6 Rxc2 24.Qd3 b3+ 25.Kf1 fxe6 26.Qxd6 Qb5+ 27.Kg1 Qe2 28.Qxb8+ Kf7
29.Rd7+ Nxd7 30.Qf4+ Nf6  0-1

[Event "Chigorin Memorial"]
[Site "St Petersburg RUS"]
[Date "2012.10.29"]
[Round "3.39"]
[White "Socko,B"]
[Black "Karasev,Vl"]
[Result "1-0"]
[WhiteElo "2619"]
[BlackElo "2373"]

1.e4 c5 2.Nf3 e6 3.d4 cxd4 4.Nxd4 a6 5.Nc3 Qc7 6.Bd3 Nc6 7.Nxc6 dxc6 8.O-O e5
9.f4 Nf6 10.Kh1 Bc5 11.Qf3 Be6 12.f5 Bc8 13.Qg3 Kf8 14.a4 a5 15.Nd1 b6 16.Ne3 Bb7
17.Nc4 Re8 18.Bd2 h5 19.Bg5 b5 20.axb5 cxb5 21.Bxf6 gxf6 22.Nxa5 h4 23.Qf3 h3
24.Nxb7 hxg2+ 25.Qxg2 Qxb7 26.Ra5 Ke7 27.Rxb5 Qc8 28.b4 Be3 29.Qe2 Bf4 30.Rxf4 exf4
31.Qf2 f3 32.Qxf3 Qc7 33.Qf2 Rb8 34.Rc5 Qd6 35.e5 fxe5 36.f6+ Kf8 37.Qf5 Qe6
38.Qg5 Rg8 39.Qh6+ Ke8 40.Qh7 Kf8 41.Qh6+ Ke8 42.Qe3 Rxb4 43.c3 Rbg4 44.Bb5+ Kd8
45.Qd2+  1-0

[Event "4th Marcel Duchamp Open"]
[Site "Buenos Aires ARG"]
[Date "2012.10.30"]
[Round "8.34"]
[White "Kopylov,Andres"]
[Black "Sasson,Maximiliano"]
[Result "0-1"]
[WhiteElo "1590"]
[BlackElo "1787"]

1.e4 c5 2.Nf3 e6 3.d4 cxd4 4.Nxd4 a6 5.Nc3 Qc7 6.Bd3 Nc6 7.Be3 Nf6 8.O-O d6
9.Qd2 Nxd4 10.Bxd4 e5 11.Be3 b5 12.Rac1 Bb7 13.f3 Rd8 14.Be2 d5 15.Nxd5 Nxd5
16.exd5 Bxd5 17.Rfd1 Be7 18.Qe1 O-O 19.a3 Bc5 20.Qf2 Bxe3 21.Qxe3 f5 22.Rd3 f4
23.Rc3 Bc4 24.Bxc4+ bxc4 25.Qe2 Rd4 26.Kh1 Qc5 27.Re1 Re8 28.b3 Rc8 29.bxc4 Qa5
30.Qxe5 Qxe5  0-1

[Event "12th Sautron Open"]
[Site "Sautron FRA"]
[Date "2012.10.30"]
[Round "5.1"]
[White "Lagarde,Max"]
[Black "Oleksienko,M"]
[Result "1/2-1/2"]
[WhiteElo "2501"]
[BlackElo "2539"]

1.e4 c5 2.Nf3 e6 3.d4 cxd4 4.Nxd4 a6 5.Nc3 b5 6.Bd3 Qb6 7.Nf3 Qc7 8.O-O Bb7
9.Re1 Be7 10.e5 f5 11.Nh4 g6 12.Nf3 Nc6 13.a4 b4 14.Nb1 Bc5 15.Nbd2 Na5 16.Nb3 Nxb3
17.cxb3 Ne7 18.Bh6 Bd5 19.Nd2 Bd4 20.Rc1 Qa7 21.Be3 O-O 22.Nc4 Rac8 23.Qd2 Bxe3
24.Qxe3 Qxe3 25.Rxe3 Rc5 26.Ree1 Rfc8 27.Rcd1 R8c7 28.f4 Nc6 29.Bf1 Na5  1/2-1/2

[Event "e2e4 Basingstoke Int Open"]
[Site "Basingstoke ENG"]
[Date "2012.10.31"]
[Round "9.5"]
[White "Eggleston,D"]
[Black "D'Costa,L"]
[Result "1-0"]
[WhiteElo "2337"]
[BlackElo "2426"]

1.e4 c5 2.Nf3 e6 3.d4 cxd4 4.Nxd4 a6 5.Nc3 Qc7 6.Bd3 Nf6 7.O-O Bc5 8.Nb3 Ba7
9.Kh1 Nc6 10.f4 d6 11.Qf3 h5 12.Be3 Bxe3 13.Qxe3 Bd7 14.a4 Ne7 15.a5 Bc6
16.Nd4 h4 17.h3 Rh5 18.b4 e5 19.Nxc6 Nxc6 20.Nd5 Nxd5 21.exd5 Nxb4 22.Be2 Nxd5
23.Qb3 Nf6 24.Bxh5 Nxh5 25.Rfb1 O-O-O 26.Ra4 Ng3+ 27.Kh2 d5 28.Rb4 Rd7 29.Qf3 f5
30.fxe5 Qxe5 31.Qf4 Qxf4 32.Rxf4 g5 33.Rd4 Ne2 34.Rd2 Nc3 35.Re1 Ne4 36.Rd4 g4
37.hxg4 fxg4 38.c4 g3+ 39.Kg1 Nd6 40.Rxd5 Rd8 41.Rf1 Kc7 42.c5 Ne4 43.Rf7+ Kc8
44.Rxd8+ Kxd8 45.Rxb7 Nxc5 46.Rh7 Nb3 47.Rxh4 Nxa5 48.Ra4 Nb3 49.Rxa6 Ke7  1-0

[Event "Chigorin Memorial"]
[Site "St Petersburg RUS"]
[Date "2012.10.31"]
[Round "5.140"]
[White "Kuvyrshin,Maksim"]
[Black "Kozhabekov,A"]
[Result "0-1"]
[WhiteElo "1865"]
[BlackElo "2127"]

1.e4 c5 2.Nf3 e6 3.d4 cxd4 4.Nxd4 a6 5.Nc3 Qc7 6.Be2 Nf6 7.O-O d6 8.Be3 Be7
9.f4 O-O 10.Bf3 Nc6 11.g4 Nxd4 12.Bxd4 e5 13.Be3 exf4 14.Bxf4 Be6 15.Nd5 Bxd5
16.exd5 Nd7 17.g5 Rae8 18.c3 Ne5 19.Be4 g6 20.h4 Bd8 21.h5 Nc4 22.Qc2 Qb6+
23.Kh2 Ne3 24.Bxe3 Qxe3 25.Bxg6 fxg6 26.Rae1 Qxg5 27.hxg6 Qh4+ 28.Kg2 Qg4+
29.Kh2 Qh5+ 30.Kg2 Qxd5+ 31.Kh2 Qh5+ 32.Kg2 Qxg6+ 33.Qxg6+ hxg6 34.Rxf8+ Kxf8
35.Rf1+ Kg7 36.Kf3 Rf8+ 37.Ke2 Rxf1 38.Kxf1 Kf6  0-1